000 00873nac a22002777a 4500
001 BR4400005
003 BR-BrBNA
005 20240105112832.0
008 230509b bl.|||m| |||| 00| 0 por d
040 _aBR-BrBNA
_bpor
_cBiblioteca Nacional de Agricultura
072 _aF28
090 _aF28 BR4400005
100 1 _aJobin, L.
110 1 _aSecretaria de Estado dos Negocios da Agricultura, Industria e Comercio, Porto Alegre, RS (Brasil)
245 1 _aErosao dos solos. sua acao, efeitos, causas e meios de combate-la
260 3 _aPorto Alegre, RS (Brasil):
_c1944.
300 _a42 p.
490 _aSIPA. Serie C (Brazil)
_vno. 114
_x
500 _a32 illus.; 11 REF.
650 _aErosao do solo
650 _aSolo
650 _aConservacao do solo
650 _aPorosidade
909 _a202312
_bLúcia Elande
_c55
_dLúcia Elande
942 _2AGRIS
_n0
_cMS
999 _c260523
_d260523